元号がつく駅 - Statistics

General Stats
  • This quiz has been taken 28 times
  • The average score is 11 of 34
Answer Stats
時代 駅名 % Correct
近現代 昭和
100%
近現代 大正
100%
近現代 大正
100%
近現代 平成
81%
近現代 昭和島
59%
近現代 昭和町
59%
近現代 昭和町
59%
近現代 明治神宮前
59%
近現代 令和コスタ行橋
48%
近現代 土佐大正
41%
近現代 土佐昭和
37%
近現代 昭和橋
37%
北朝 永和
30%
北朝 河内永和
26%
飛鳥・奈良 和銅黒谷
26%
北朝 JR河内永和
26%
平安 御室仁和寺
22%
江戸 天和
19%
奈良 天応
19%
奈良 養老
19%
奈良 養老渓谷
19%
近現代 昭和町通
15%
江戸 文化の森
15%
戦国 延徳
15%
平安 長久手古戦場
15%
飛鳥 大宝
15%
平安 久寿川
11%
平安 長和
11%
平安 大同町
11%
江戸 宝永町
7%
戦国 天文館通
7%
平安 安和
7%
近現代 昭和学園前
0%
近現代 昭和新山山麓
0%
No matching quizzes found
Score Distribution
Percent of People with Each Score
Percentile by Number Answered
Your Score History
You have not taken this quiz